000 00534nam a2200205Ia 4500
003 OSt
005 20220923230845.0
006 a|||||r|||| 00| 0
007 ta
008 Pun
024 _a306,116
037 _cTextual
040 _aARTS
_cARTS
_bPun
041 _2Pun
_aPun
082 _aO168,3N32x, 153M1
245 0 _aਅਹਿਮਦ ਨਦੀਮ ਕਾਸਮੀ ਦੀਆਂ ਚਣਵੀਆਂ ਕਹਾਣੀਆਂ
260 _c1981
942 _hO168,3N32x, 153M1
_cTEXL
_2CC
999 _c387903
_d387903